Score 0/13 Timer 01:00
1 Play Today
Clue 3-Letter Word % Correct
Not highLOW
94.9%
Actor JudeLAW
93%
Carrying assistantBAG
90.7%
Error in a programBUG
90.5%
Problem for a stream?LAG
88.9%
A type of dogPUG
86.7%
A play on wordsPUN
82.5%
Bahtroom in BritanLOO
81.4%
First word of popular 1980's arcade gamePAC
78.1%
Bovine utteranceMOO
77.2%
Leader of the Chinese RevolutionMAO
72%
Last word of popular 1980's arcade gameMAN
71.9%
Greek God of naturePAN
71.4%

Today's Daily Dose

Remove Ads.
Support Sporcle.
Get the best of Sporcle when you Go Orange. This ad-free experience offers more features, more stats, and more fun while also helping to support Sporcle. Thank you for becoming a member.

You're not logged in!

Compare scores with friends on all Sporcle quizzes.
OR
Log In

Show Comments

Extras

Top Quizzes Today


Score Distribution

Your Account Isn't Verified!

In order to create a playlist on Sporcle, you need to verify the email address you used during registration. Go to your Sporcle Settings to finish the process.

Report this User

Report this user for behavior that violates our Community Guidelines.

Details: